| 000 | 01612nam a2200337 c 4500 | ||
|---|---|---|---|
| 999 |
_c185937 _d185937 |
||
| 003 | BLK | ||
| 005 | 20220315132229.0 | ||
| 008 | 180411b bul|||||r ||||||| ||bul|| | ||
| 010 | _aKNG00194931000 | ||
| 040 | _aBLK | ||
| 041 |
_aBUL _cBUL |
||
| 080 |
_aФизикохимия _b544 _x(035) _z544(035) |
||
| 100 | 1 |
_aКрестов, Генадий Алексеевич _eпърви автор _9343984 |
|
| 139 |
_aКрестов, Генадий Алексеевич и др. _bК 90 |
||
| 245 | 1 | 0 |
_aОсновни понятия в съвременната химия _bНаръчник _cГенадий Алексеевич Крестов; съавт. Борис Иванович Березин; прев. от рус. Татяна Георгиева Ангелова. |
| 257 | _aSUN | ||
| 260 |
_aСофия _bНаука и изкуство _c1988 _fЯмбол : Г. Димитров |
||
| 300 |
_a168 с. _bс табл., сх. _c17 см |
||
| 380 | _a5 | ||
| 500 | _aОриг. загл. Основные понятия современной химии / Г. А. Крестов, Б. Д. Березин | ||
| 650 | 4 |
_aХимия - наръчници и ръководства _9289455 |
|
| 653 | _aхимия | ||
| 653 | _aнаръчници | ||
| 700 | 1 |
_aБерезин, Борис Иванович _eсъавт. _9384340 |
|
| 700 | 1 |
_aАнгелова, Татяна Георгиева _eпрев. от рус. _9343985 |
|
| 852 | _aЦб І 23818 | ||
| 856 | 4 | _qpdf | |
| 856 | 4 | _qpdf | |
| 942 |
_cKNG _n0 _s1 _01 |
||
| 944 |
_aCR _c02.11.2016 _kСевдалина_Василева |
||
| 944 |
_aED _c02.11.2016 _kСевдалина_Василева |
||
| 999 | _d185937 | ||
| 999 | _d185937 | ||